| 000 | 02877nam a2200433Ii 4500 | ||
|---|---|---|---|
| 001 | DIGUDROS0932 | ||
| 003 | NyNyDIG | ||
| 006 | m o d | ||
| 007 | cr ||||||||||| | ||
| 008 | 130701s2012 a ck ob 000 0 spa d | ||
| 020 | _z9789587382624 | ||
| 020 | _z9587382625 | ||
| 035 | _a(OCoLC)847725901 | ||
| 040 |
_aDGITA _beng _epn _cDGITA |
||
| 043 | _as-ck--- | ||
| 050 | 1 | 4 | _aKHH3421 eBook |
| 130 | 0 | _aTemas de derecho ambiental (Bogotá, Colombia) | |
| 245 | 1 | 0 |
_aTemas de derecho ambiental : _buna mirada desde lo públio / _cGloria Amparo Rodríguez, Iván Andrés Páez Páez, editores académicos. |
| 250 | _a1. ed. | ||
| 264 | 1 |
_aBogotá, D.C. : _bEditorial Universidad del Rosario : _bUniversidad Colegio Mayor de Nuestra Señora del Rosario, Facultad de Jurisprudencia, _c2012. |
|
| 300 | _a1 online resource (xi, 367 pages) | ||
| 336 |
_atext _btxt _2rdacontent |
||
| 337 |
_acomputer _bc _2rdamedia |
||
| 338 |
_aonline resource _bcr _2rdacarrier |
||
| 490 | 1 | _aTextos de jurisprudencia. | |
| 504 | _aIncludes bibliographical references. | ||
| 505 | 0 | _aLa consagración de los derechos ambientales en las constituciones políticas de Colombia, Ecuador y Bolivia / Gloria Amparo Rodríguez -- Introducción al principio de precaución / Martha Lucía Ovalle Bracho, Zelba Nidia Castro de Pérez -- El ambiente y los servidores públicos : una aproximación desde la responsabilidad y la gestión pública / Luis Adolfo Diazgranados Quimbaya -- Contratación pública e integración de la variable ambiental / Jorge Agudo González -- Ley 1333 de 2009 : muchos problemas, pocas soluciones / Mauricio Rueda Gómez -- Aproximaciones a la problemática de la responsabilidad por daño ambiental en el contexto internacional / Jairo Cabrera Pantoja -- El daño a los bosques naturales : régimen de responsabilidad y derechos humanos / Leonardo Güiza Suárez -- La concesión de aguas superficiales : una mirada desde la tradición dogmática del derecho público / Andrés Gómez Rey -- El espacio público como uno de los componentes del medio ambiente urbano : análisis de su protección judicial vía acciones populares / Giovanni J. Herrera Carrascal -- La gestión integral de residuos hospitalarios y similares en Colombia : introducción al análisis desde la perspectiva del derecho administrativo / Marlybell Ochoa Miranda. | |
| 650 | 0 |
_aEnvironmental law _zColombia. |
|
| 650 | 0 | _aEnvironmental law. | |
| 655 | 0 | _aElectronic books. | |
| 700 | 1 | _aRodríguez, Gloria Amparo | |
| 700 | 1 | _aPáez Páez, Iván Andrés | |
| 791 | 2 |
_aDigitalia (Firm), _edistributor. |
|
| 830 | 0 | _aColección Textos de jurisprudencia. | |
| 793 | 0 |
_gDigitalia eBook Collection: _aUniversidad del Rosario. |
|
| 856 | 4 | 0 |
_3Digitalia Hispánica _uhttps://www.digitaliapublishing.com/a/18393/ |
| 910 | _aPremium Collection: 2007-2012 | ||
| 942 | _cRAA | ||
| 999 |
_c235844 _d235844 |
||